000 00789cab a22001935a 4500
001 L154969
008 120213s2012 xxk 000 0 eng d
035 _a(Sirsi) u154969
041 0 _aeng
100 1 _aBarris, Roger
245 0 1 _a"Safe haven" London? No way
260 _c2012
490 0 _aEuroProperty
_v6 February, 2012, 12-13(2)
520 _aLondon's ties to financial services render its property market too volatile for long-term comfort. Paris (except for La Defense submarket ) and Germany in general are safer havens than London. Capital preservation is not one of the good reasons for continuing to invest in London. Graphs track London capital values against the FTSE 100.
590 _aKA
651 4 _aLondon
690 _aCommercial property
_96227
942 _n0
999 _c83765
_d83765